000 00572nam a22002057a 4500
003 KOHA_MİRAKIL
005 20260324120057.0
008 260324b tu ||||| |||| 00| 0 tur d
020 _a9786055223755
040 _aTR-AnABB
_btur
_cTR-AnABB
041 _atur
082 _a818.42
_bERT 2019
100 1 _aErtürk, Nusret
245 1 0 _aSöz yüzüğü /
_cNusret Ertürk
260 _aAnkara :
_bPayda Yayıncılık,
_c2019
300 _a208 sayfa ;
_c20 cm
500 _aYazar imzalı
650 0 4 _aTürk edebiyatı, çeşitli eserler
942 _2ddc
_cBK
999 _c10010
_d10010
900 _bCan ÇELIK